Normal view
MARC view
- كاشدان،شيلدون ، سلامة،احمد عبد العزيز/ترجمة ، نجاتي،محمد عثمان/مراجعة
Entry Personal Name
001 - CONTROL NUMBER
- control field: 13350
003 - CONTROL NUMBER IDENTIFIER
- control field: JO-AjAnu
005 - DATE AND TIME OF LATEST TRANSACTION
- control field: 20230606072433.0
008 - FIXED-LENGTH DATA ELEMENTS
- fixed length control field: 230606|| aca||aabn | a|a d
040 ## - CATALOGING SOURCE
- Original cataloging agency: JO-AjAnu
- Transcribing agency: JO-AjAnu
100 ## - HEADING--PERSONAL NAME
- Personal name: كاشدان،شيلدون ، سلامة،احمد عبد العزيز/ترجمة ، نجاتي،محمد عثمان/مراجعة
670 ## - SOURCE DATA FOUND
- Source citation: Work cat.: (JO-AjAnu)6870: كاشدان،شيلدون ، سلامة،احمد عبد العزيز/ترجمة ، نجاتي،محمد عثمان/مراجعة, author, علم نفس الشواذ